Journal of Medical and Scientific Research | KIMS Foundation and Research Center

Bibliographische Detailangaben
Format: Elektronisch Zeitschrift
Sprache:English
Veröffentlicht: Cambridge University Press
Online Zugang:Full text available on Research4Life (HINARI,AGORA,OARE,ARDI & GOALI)
LEADER 00768cas a2200181 a 4500
001 AALejournalResearch4Life011713
008 240902c9999 xx r poo 0 0eng d
022 |a 23211326 
022 |a 2394112x 
040 |a BD-DhAAL  |c BD-DhAAL 
245 0 0 |h [electronic resource]  |a Journal of Medical and Scientific Research | KIMS Foundation and Research Center 
260 |b Cambridge University Press 
300 |a 1 online resource 
362 0 |a 2013 - current issue 
500 |a <strong>On-Campus Access Only (IP based access)</strong> 
506 |a Electronic access restricted to authorized BRAC University faculty, staff and students 
538 |a Mode of access: Internet 
856 4 0 |z Full text available on Research4Life (HINARI,AGORA,OARE,ARDI & GOALI)  |u http://jmsronline.com/